All UK IATA Airport Codes - Statistics

General Stats
  • This quiz has been taken 20 times
  • The average score is 29 of 104
Answer Stats
Airport Name IATA Code % Correct
Gatwick Airport LGW
85%
Heathrow Airport LHR
85%
Manchester Airport MAN
77%
London City Airport LCY
69%
London Stansted Airport STN
69%
East Midlands Airport EMA
62%
London Southend Airport SEN
62%
Aberdeen Airport ABZ
54%
Belfast International Airport BFS
54%
Birmingham Airport BHX
54%
Edinburgh Airport EDI
54%
Leeds Bradford Airport LBA
54%
Liverpool John Lennon Airport LPL
54%
Luton Airport LTN
54%
London Oxford Airport OXF
54%
Blackpool Airport BLK
46%
Bristol Airport BRS
46%
Glasgow Airport GLA
46%
Jersey Airport JER
46%
Norwich Airport NWI
46%
Southampton Airport SOU
46%
Bournemouth Airport BOH
38%
Exeter Airport EXT
38%
Inverness Airport INV
38%
Isle of Man Airport IOM
38%
Newcastle International Airport NCL
38%
Newquay Cornwall Airport NQY
38%
Benbecula Airport BEB
31%
George Best Belfast City Airport BHD
31%
Barra Airport BRR
31%
RAF Brize Norton BZZ
31%
Cardiff Airport CWL
31%
Dundee Airport DND
31%
City of Derry Airport LDY
31%
Teeside International Airport MME
31%
Glasgow Prestwick Airport PIK
31%
Alderney Airport ACI
23%
Bembridge Airport BBP
23%
RAF Benson BEX
23%
Barrow / Walney Island Airport (Barrow-in-Furness) BWF
23%
Cambridge City Airport CBG
23%
Coll Airport COL
23%
Guernsey Airport GCI
23%
Humberside Airport HUY
23%
Islay Airport ILY
23%
Kirkwall Airport (Orkney) KOI
23%
RAF Lakenheath (Brandon) LKZ
23%
Sumburgh Airport (Shetland) LSI
23%
RAF Mildenhall MHZ
23%
Papa Westray Airport (Orkney) PPW
23%
RAF Coningsby QCY
23%
Swansea Airport SWS
23%
Stornoway Airport SYY
23%
Tiree Airport TRE
23%
Wick Airport WIC
23%
RAF Waddington WTN
23%
RNAS Yeovilton YEO
23%
Leuchars RAF (St Andrews) ADX
15%
Blackbushe Airport (Yateley) BBS
15%
RAF Honington (Bury St Edmunds) BEQ
15%
London Biggin Hill Airport BQH
15%
Campbeltown Airport CAL
15%
Carlisle Lake District Airport CAX
15%
Chester Hawarden Airport CEG
15%
Colonsay Airport CSA
15%
Coventry Airport CVT
15%
Enniskillen / St Angelo Airport ENK
15%
Eday Airport (Orkney) EOI
15%
Shoreham-By-Sea Airport (Brighton City) ESH
15%
Farnborough Airport FAB
15%
RAF Fairford FFD
15%
Fair Isle Airport FIE
15%
Foula Airfield (Shetland) FOA
15%
Gloucestershire Airport (Churchdown) GLO
15%
Haverfordwest Airport HAW
15%
Wycombe Air Park (High Wycombe) HYC
15%
St Mary's Airport (Isles of Scilly) ISC
15%
Land's End Airport LEQ
15%
RAF Lossiemouth LMO
15%
Tingwall Airport (Lerwick) LWK
15%
Lydd Airport LYX
15%
Manston Airport MSE
15%
Sanday Airport NDY
15%
RAF Northolt NHT
15%
Nottingham Airport NQT
15%
North Ronaldsay Airport NRL
15%
Oban North Connel Airport OBN
15%
RAF Odiham ODH
15%
Sywell Aerodrome (Northampton) ORM
15%
Perth Airport (Scone) PSL
15%
Chichester / Goodwood Airport QUG
15%
Rochester Airport RCS
15%
Broadford Aerodrome (Ashaig, Isle of Skye) SKL
15%
Stronsay Airport (Orkney) SOY
15%
Upavon Airport UPV
15%
Anglesey Valley Airport VLY
15%
Whalsay Airstrip (Shetlands) WHS
15%
Westray Airport (Orkney) WRY
15%
RAF Marham (King's Lynn) KNF
8%
RAF Lyneham LYE
8%
RAF Scampton SQZ
8%
Warton Aerodrome WRT
8%
Cotswold Airport (Kemble) GBA
0%
RAF Wyton (St Ives) QUY
0%
No matching quizzes found
Score Distribution
Percent of People with Each Score
Percentile by Number Answered
Your Score History
You have not taken this quiz